000 00733cam a22002651a 4500
001 8976
003 BD-RjUL
005 20211208234706.0
008 140120s2003 ii 001 0 eng d
035 _a(BD-RjUL)9021
035 _a(OCoLC)3199082
040 _aDLC
_cOC
_dDLC
_dBD-RjUL
_beng
041 _aeng
082 _a512.8
_bBAH 2003
100 1 _aBarnard, Samuel.
_927865
245 1 0 _aHigher algebra /
_c S. Barnard and J. M. Child.
250 _aenlarged. ed.
260 _aIndia ;
_bA.I.T.B.S.pub.,
_cc2003
300 _axiv, 585 p.
_bdiagrs.
_c22 cm.
650 0 _aAlgebra.
_927866
700 1 _aChild, J. M.
_q(James Mark)
_ejoint author.
_922052
942 _2ddc
_cBK
999 _c8976
_d8976